ESPN's Least Favorite Major League Baseball (MLB) Teams - 2022 Season - Statistics

General Stats
  • This quiz has been taken 96 times
  • The average score is 5 of 6
Answer Stats
# of Games Team Name % Correct
9 Marlins
85%
10 Athletics
83%
10 Royals
82%
9 Diamondbacks
78%
10 Tigers
72%
8 Nationals
66%
No matching quizzes found
Score Distribution
Percent of People with Each Score
Percentile by Number Answered
Your Score History
You have not taken this quiz